ბათუმის შოთა რუსთაველის სახელმწიფო უნივერსიტეტის ბიბლიოთეკა

Расчет рам. (ბიბ.ჩანაწერი № 40836)

000 -LEADER
fixed length control field 00492nam a2200205Ia 4500
001 - CONTROL NUMBER
control field 7476
003 - CONTROL NUMBER IDENTIFIER
control field GE_BSU
008 - FIXED-LENGTH DATA ELEMENTS--GENERAL INFORMATION
fixed length control field 181216s||||||||xx |||||||||||||| ||und||
040 ## - CATALOGING SOURCE
Transcribing agency GE_BSU
080 ## - UNIVERSAL DECIMAL CLASSIFICATION NUMBER
Universal Decimal Classification number 624.072
100 ## - MAIN ENTRY--PERSONAL NAME
Personal name Жемочкин,Б.Н.
245 ## - TITLE STATEMENT
Title Расчет рам.
245 ## - TITLE STATEMENT
Statement of responsibility, etc. Науч. ред. И.К.Снитко.
260 ## - PUBLICATION, DISTRIBUTION, ETC.
Place of publication, distribution, etc. М.
260 ## - PUBLICATION, DISTRIBUTION, ETC.
Name of publisher, distributor, etc. Стройиздат.
260 ## - PUBLICATION, DISTRIBUTION, ETC.
Date of publication, distribution, etc. 1965.
300 ## - PHYSICAL DESCRIPTION
Extent 405стр.22см.
653 ## - INDEX TERM--UNCONTROLLED
Uncontrolled term Расчет рам.
942 ## - ADDED ENTRY ELEMENTS (KOHA)
Koha item type წიგნი
ეგზემპლარები
Withdrawn status Lost status Damaged status Not for loan Date acquired Barcode Date last seen Price effective from Koha item type
        2018-12-17 10192 2018-12-17 2018-12-17 წიგნი